|
|
|
|
| LEADER |
00000nab a2200000 a 4500 |
| 001 |
vtls000774074 |
| 003 |
SK-MaSNL |
| 005 |
20260304132303.0 |
| 008 |
250429c2001 xo 0 slo |
| 015 |
|
|
|a SNBRB2001/11-31361
|
| 035 |
|
|
|a CLN000125861
|
| 035 |
|
|
|a urn:nbn:sk:snk-abmtl
|
| 035 |
|
|
|a (urnnbn)urn:nbn:sk:snk:ar-a04egv
|
| 035 |
|
|
|a (uuid)1d5cfa66-1c29-4da8-8c87-f9f1052915d1
|
| 040 |
|
|
|a SNKBUCL
|b slo
|c SNKBUCL
|e AACR2
|
| 041 |
0 |
|
|a slo
|
| 044 |
|
|
|a xo
|c SK
|
| 080 |
|
|
|a 633.853.492"324"(437.6):631.559
|2 1997
|
| 080 |
|
|
|a 631.559
|2 1997
|
| 100 |
1 |
|
|a Šrojtová, Gabriela
|4 aut
|9 205313
|
| 245 |
1 |
0 |
|a Vplyv hnojenia a klimatických podmienok na variabilitu úrod repky olejky ozimnej v 19-ročnom období
|c Gabriela Štrojtová, Štefan Tóth
|
| 300 |
|
|
|b Fotogr., tab.
|
| 650 |
0 |
7 |
|a repka ozimná
|x úrody
|x hnojenie
|x podmienky klimatické
|z Východoslovenská nížina (Slovensko)
|y 1981-1999
|2 snkbucl
|9 1447157
|
| 650 |
0 |
7 |
|a hnojenie
|2 snkbucl
|9 14850
|
| 650 |
0 |
7 |
|a klimatické podmienky
|2 snkbucl
|9 73861
|
| 655 |
|
7 |
|a články z novín a časopisov
|2 snkbucl
|9 267496
|
| 700 |
1 |
|
|a Tóth, Štefan
|4 aut
|9 316589
|
| 773 |
0 |
|
|t Naše pole
|g Roč. 5, č. 8 (2001), s. 34-35
|x 1335-2466
|
| 850 |
|
|
|a Slovenská národná knižnica
|
| 852 |
|
|
|a Slovenská národná knižnica
|
| 954 |
|
|
|a odborná, vedecká literatúra pôvodná (slovenská)
|2 lita
|
| 958 |
|
|
|a article27
|
| 958 |
|
|
|a SK
|
| 958 |
|
|
|a OND
|
| 958 |
|
|
|a EUIPO
|
| 992 |
|
|
|a RBX
|
| 999 |
|
|
|c 2898677
|d 2900607
|